000 00506nam a2200181Ia 4500
005 20260602132205.0
008 131103s9999 xx 000 0 und d
040 _aLoreto College
041 _aEnglish
082 _a840.9
_bLAG
100 _aLagarde, Andre
245 _aXvii siecle
_b Les grands auteure french du programme
_cAndre Lagarde
260 _aBordas
_bCollection textes et litterature
_c[19?]
300 _aXi,640p.
_b ill.
650 _aFrench literature
850 _aLCLIB
942 _cBK
999 _c24092
_d74571